000 00804cam a2200217 a 4500
001 000005733
005 20200929151749.0
008 930308s1986 cu a b 001 0 spa d
040 _aDO-SdBNP
_bspa
_dBNPHU
082 _a972.91
_bG643c
100 1 _aGonzález Figueroa, Xiomara,
_d1949-
_916220
245 1 3 _aLa casa de todos ;
_blos muchachos de Regla /
_cXiomara González Figueroa, Roberto Rodríguez Menéndez ; edición Patricia Semidey.
260 _aLa Habana :
_bAbril de la UJC,
_c1986.
300 _a147 p. :
_bil. ;
_c24 cm.
504 _aBibliografía : p. 146-147
505 0 _aLos muchachos de Regla
651 4 _aCuba
_xHistoria
_y1933-1959.
_911375
700 1 _aRodríguez Menéndez, Roberto,
_d1944-
_916221
700 1 _aSemidey, Patricia,
_eed.
_916222
740 0 _aLos muchachos de Regla.
999 _c5529
_d5529